Hauptstädte aller Länder der Welt - Statistiken

Allgemein
  • Dieses Quiz wurde 244 mal gespielt
  • Das Durchschnittsergebnis liegt bei 77 aus 238
Antwortstatistiken
Land Hauptstadt % Korrekt
Ägypten 🇪🇬 Kairo
89%
Albanien 🇦🇱 Tirana
76%
Afghanistan 🇦🇫 Kabul
73%
Deutschland 🇩🇪 Berlin
72%
Belgien Brüssel
71%
Algerien 🇩🇿 Algier
69%
Italien 🇮🇹 Rom
68%
Großbritannien 🇬🇧 London
67%
Brasilien 🇧🇷 Brasilia
66%
Argentinien 🇦🇷 Buenos Aires
66%
Australien Canberra
66%
Frankreich 🇫🇷 Paris
66%
Japan 🇯🇵 Tokio
66%
Polen 🇵🇱 Warschau
63%
Österreich 🇦🇹 Wien
63%
Dänemark 🇩🇰 Kopenhagen
62%
Luxemburg 🇱🇺 Luxemburg
62%
Portugal 🇵🇹 Lissabon
61%
China 🇨🇳 Peking
61%
Irland 🇮🇪 Dublin
60%
Finnland 🇫🇮 Helsinki
60%
Bulgarien 🇧🇬 Sofia
60%
Griechenland 🇬🇷 Athen
59%
Schweiz 🇨🇭 Bern
59%
Spanien 🇪🇸 Madrid
59%
Schweden 🇸🇪 Stockholm
59%
Andorra 🇦🇩 Andorra la Vella
58%
Belarus 🇧🇾 Minsk
58%
Russland 🇷🇺 Moskau
58%
Kanada Ottawa
58%
Island 🇮🇸 Reykjavik
58%
Niederlande 🇳🇱 Amsterdam
57%
Norwegen 🇳🇴 Oslo
56%
USA 🇺🇸 Washington
56%
Israel 🇮🇱 Jerusalem
55%
Mexiko 🇲🇽 Mexiko Stadt
55%
Indien 🇮🇳 Neu Delhi
54%
Tschechien 🇨🇿 Prag
54%
Lettland 🇱🇻 Riga
54%
Türkei 🇹🇷 Ankara
53%
Aserbaidschan 🇦🇿 Baku
53%
Rumänien 🇷🇴 Bukarest
53%
Monaco 🇲🇨 Monaco
52%
Estland 🇪🇪 Tallin
52%
Ungarn 🇭🇺 Budapest
50%
Ukraine 🇺🇦 Kiew
50%
Peru 🇵🇪 Lima
50%
Südkorea 🇰🇷 Seoul
50%
Vatikan-Stadt 🇻🇦 Vatikanstadt
50%
Kroatien 🇭🇷 Zagreb
50%
Indonesien 🇮🇩 Jakarta
47%
San Marino San Marino
47%
Iran 🇮🇷 Teheran
47%
Liechtenstein 🇱🇮 Vaduz
47%
Kenia 🇰🇪 Nairobi
46%
Chile 🇨🇱 Santiago de Chile
45%
Malta 🇲🇹 Valletta
45%
Thailand 🇹🇭 Bangkok
44%
Kolumbien 🇨🇴 Bogota
44%
Serbien 🇷🇸 Belgrad
43%
Jamaika 🇯🇲 | Norfolkinsel 🇳🇫 Kingston
43%
St. Vincent & Grenadinen Kingstown
43%
Panama 🇵🇦 Panama Stadt
43%
Vereinigte Arabische Emirate 🇦🇪 Abu Dhabi
42%
Irak 🇮🇶 Bagdad
42%
Bangladesch 🇧🇩 Dhaka
42%
Angola 🇦🇴 Luanda
42%
Neuseeland 🇳🇿 Wellington
42%
Katar 🇶🇦 Doha
41%
Phillipinen Manila
41%
Marokko 🇲🇦 Rabat
41%
Saudi-Arabien 🇸🇦 Riad
41%
Singapur 🇸🇬 Singapur
41%
Kuba 🇨🇺 Havanna
40%
Bahamas 🇧🇸 Nassau
40%
Kosovo 🇽🇰 Pristina
40%
Georgien 🇬🇪 Tiflis
40%
Äthiopien 🇪🇹 Addis Abeba
39%
Kasachstan 🇰🇿 Astana
39%
Slowakei 🇸🇰 Bratislava
39%
Guatemala 🇬🇹 Guatemala Stadt
39%
Kuwait 🇰🇼 Kuwait Stadt
39%
Zypern 🇨🇾 Nikosia
39%
Bolivien 🇧🇴 Sucre
39%
Jordanien 🇯🇴 Amman
38%
Malaysia 🇲🇾 Kuala Lumpur
38%
Slowenien 🇸🇮 Ljubljana
38%
Nordkorea 🇰🇵 Pjöngjang
38%
Ecuador 🇪🇨 Quito
38%
El Salvador San Salvador
38%
Bosnien & Herzegowina 🇧🇦 Sarajewo
38%
Tunesien 🇹🇳 Tunis
38%
Libanon 🇱🇧 Beirut
37%
Nordmazedonien 🇲🇰 Skopje
37%
Syrien 🇸🇾 Damaskus
36%
Vietnam 🇻🇳 Hanoi
36%
Bahrain 🇧🇭 Manama
36%
Pakistan 🇵🇰 Islamabad
35%
Uruguay 🇺🇾 Montevideo
35%
Jemen 🇾🇪 Sanaa
35%
Costa Rica San Jose
35%
Belize 🇧🇿 Belmopan
34%
Malediven 🇲🇻 Male
34%
Ghana 🇬🇭 Accra
33%
Senegal 🇸🇳 Dakar
33%
Dschibuti 🇩🇯 Dschibuti
33%
Guyana 🇬🇾 Georgetown
33%
Kaiman-Inseln 🇰🇾 George Town
33%
Venezuela 🇻🇪 Caracas
32%
Nepal 🇳🇵 Kathmandu
32%
Taiwan 🇹🇼 Taipeh
32%
Libyen 🇱🇾 Tripolis
32%
Paraguay 🇵🇾 Asuncion
31%
Gibraltar 🇬🇮 Gibraltar
31%
Demokratische Republik Kongo Kinshasa
31%
Dominikanische Republik 🇩🇴 Santo Domingo
31%
Sierra Leone Freetown
29%
Kambodscha 🇰🇭 Phnom Penh
29%
Montenegro 🇲🇪 Podgorica
29%
Haiti 🇭🇹 Port au Prince
29%
Kirgisistan 🇰🇬 Bischkek
28%
Guinea-Bissau 🇬🇼 Bissau
28%
Barbados 🇧🇧 Bridgetown
28%
Kamerun 🇨🇲 Jaunde
28%
Somalia 🇸🇴 Mogadischu
28%
Benin 🇧🇯 Porto Novo
28%
Südafrika 🇿🇦 Pretoria
28%
São Tomé & Príncipe Sao Tome
28%
Antigua & Barbuda 🇦🇬 St. Johns
28%
Fidschi 🇫🇯 Suva
28%
Bhutan 🇧🇹 Thimphu
28%
Nigeria 🇳🇬 Abuja
27%
Botsuana 🇧🇼 Gaborone
27%
Grönland 🇬🇱 Nuuk
27%
Suriname 🇸🇷 Paramaribo
27%
Papua-Neuguinea 🇵🇬 Port Moresby
27%
Republik Kongo Brazzaville
26%
Gabun 🇬🇦 Libreville
26%
Liberia 🇱🇷 Monrovia
26%
Mali 🇲🇱 Bamako
25%
Sudan 🇸🇩 Khartum
25%
Burkina Faso 🇧🇫 Ouagadougou
25%
Madagaskar 🇲🇬 Antananarivo
24%
Timor - Leste 🇹🇱 Dili
24%
Nicaragua 🇳🇮 Managua
24%
Oman 🇴🇲 Maskat
24%
Cabo Verde Praia
24%
Grenada 🇬🇩 St. Georges
24%
Malawi 🇲🇼 Lilongwe
23%
Togo 🇹🇬 Lome
23%
Äquatorialguinea 🇬🇶 Malabo
23%
Dominica 🇩🇲 Roseau
23%
Honduras 🇭🇳 Tegucigalpa
23%
Eritrea 🇪🇷 Asmara
22%
Guinea 🇬🇳 Conakry
22%
Mauritius 🇲🇺 Port Louis
22%
Trinidad & Tobago 🇹🇹 Port of Spain
22%
Usbekistan 🇺🇿 Taschkent
22%
Mongolei 🇲🇳 Ulan Bator
22%
Seychellen 🇸🇨 Victoria
22%
Samoa 🇼🇸 Apia
21%
Tadschikistan 🇹🇯 Duschanbe
21%
Burundi 🇧🇮 Gitega
21%
Lesotho 🇱🇸 Maseru
21%
Laos 🇱🇦 Vientiane
21%
Elfenbeinküste 🇨🇮 Yamoussoukro
21%
Turkmenistan 🇹🇲 Aschgabat
20%
Gwadloup Basse - Terre
20%
St. Kitts & Nevis Basseterre
20%
St. Lucia 🇱🇨 Castries
20%
Armenien 🇦🇲 Eriwan
20%
Tuvalu 🇹🇻 Funafuti
20%
Sambia 🇿🇲 Lusaka
20%
Mosambik 🇲🇿 Maputo
20%
Eswatini Mbabane
20%
Palau 🇵🇼 Ngerulmud
19%
Niger 🇳🇪 Niamey
19%
Mauretanien 🇲🇷 Nouakchott
19%
Vanuatu 🇻🇺 Port Vila
19%
Nauru 🇳🇷 Yaren
19%
Gambia 🇬🇲 Banjul
18%
Sri Lanka Colombo
18%
Uganda 🇺🇬 Kampala
18%
Ruanda 🇷🇼 Kigali
18%
Komoren 🇰🇲 Moroni
18%
Namibia 🇳🇦 Windhuk
18%
Tansania 🇹🇿 Dodoma
17%
Gazastreifen Gaza - Stadt
17%
Simbabwe 🇿🇼 Harare
17%
Marshallinseln 🇲🇭 Majuro
17%
Myanmar 🇲🇲 Naypyidaw
17%
Litauen 🇱🇹 Wilna
17%
Zentralafrikanische Republik Bangui
16%
Salomonen 🇸🇧 Honiara
15%
Tschad 🇹🇩 NDjamena
15%
Tonga 🇹🇴 Nukualofa
15%
Mikronesien 🇫🇲 Palikir
15%
Puerto Rico San Juan
15%
St. Helena 🇸🇭 Jamestown
11%
Moldau Kischinau
11%
Pitcairninseln 🇵🇳 Adamstown
10%
St. Pierre & Miquelon Saint Pierre
10%
Kiribati 🇰🇮 Tarawa
10%
Guayana 🇬🇾 Cayenne
8%
Amerikanische Jungferninseln Charlotte Amalie
8%
Jersey 🇯🇪 Saint Helier
8%
Brunei Darussalam 🇧🇳 Bandar Serie Begawan
7%
Insel Man Douglas
7%
Südsudan 🇸🇸 Dschuba
7%
Aland Mariehamn
7%
Polynesien Papeete
7%
Westjordanland Ramallah
7%
Britische Jungferninseln Road Town
7%
Réunion 🇷🇪 Saint Denis
7%
Nördliche Marianen 🇲🇵 Saipan
7%
Färöer 🇫🇴 Torshavn
7%
Niue 🇳🇺 Alofi
6%
Westsahara El Aaiun
6%
Martinique Fort de France
6%
Guam Hagatna
6%
Bermuda 🇧🇲 Hamilton
6%
Spitzbergen 🇸🇯 Longyearbyen
6%
Mayotte 🇾🇹 Mamoudzou
6%
Aruba 🇦🇼 Oranjestad
6%
Falklandinseln 🇫🇰 Stanley
6%
Guernsey 🇬🇬 St. Peter Port
6%
Anguilla 🇦🇮 The Valley
6%
Kokosinseln 🇨🇨 West Island
6%
St. Barthélemy 🇧🇱 Gustavia
5%
Wallis & Futuna 🇼🇫 Mata Utu
5%
Cookinseln 🇨🇰 Avarua
4%
Turks- & Caicosinseln 🇹🇨 Cockburn Town
4%
Saint-Martin Marigot
4%
Neukaledonien 🇳🇨 Noumea
4%
Amerikanisch-Samoa 🇦🇸 Pagp Pago
3%
Montserrat 🇲🇸 Plymouth
2%
Weihnachtsinsel 🇨🇽 Flying Fish Cove
1%
Keine übereinstimmenden Quizze gefunden
Verteilung der Resultate
Anzahl Personen mit jedem Resultat
Perzentil nach korrekt beantworteten Fragen
Ihre Resultats-Entwicklung
Sie haben dieses Quiz noch nicht gespielt